[Event "Stay Safe Play From Home 269"]
[Site "Emanuel Lasker Arena"]
[Date "2020.07.01"]
[Round "1"]
[White "Broken sword"]
[Black "Aadi3110theking"]
[Result "1-0"]
[WhiteElo "2460"]
[BlackElo "1620"]
[Annotator "NA"]
[PlyCount "105"]
[EventDate "2020.07.01"]
[EventType "swiss (blitz)"]

1. e4 {[%emt 0:00:01]} c5 {[%emt 0:00:02]} 2. Nf3 {[%emt 0:00:03]} Nc6 {[%emt 0:00:01]} 3. d4 {[%emt 0:00:01]} cxd4 {[%emt 0:00:00]} 4. Nxd4 {[%emt 0:00:00]} g6 {[%emt 0:00:01]} 5. Nc3 {[%emt 0:00:01]} Bg7 {[%emt 0:00:01]} 6. Be3 {[%emt 0:00:00]} Nf6 {[%emt 0:00:03]} 7. Bc4 {[%emt 0:00:00]} O-O {[%emt 0:00:01]} 8. Bb3 {[%emt 0:00:01]} Qa5 {[%emt 0:00:01]} 9. O-O {[%emt 0:00:01]} d6 {[%emt 0:00:02]} 10. f3 {[%emt 0:00:00]} Bd7 {[%emt 0:00:01]} 11. Qd2 {[%emt 0:00:00]} Rac8 {[%emt 0:00:02]} 12. Rfd1 {[%emt 0:00:01]} Qc7 {[%emt 0:00:01]} 13. Rac1 {[%emt 0:00:01]} b6 {[%emt 0:00:00]} 14. Bg5 {[%emt 0:00:01]} Na5 {[%emt 0:00:01]} 15. Bxf6 {[%emt 0:00:01]} Bxf6 {[%emt 0:00:00]} 16. Nd5 {[%emt 0:00:01]} Qd8 {[%emt 0:00:03]} 17. Nxf6+ {[%emt 0:00:01]} exf6 {[%emt 0:00:00]} 18. Ne2 {[%emt 0:00:01]} Nxb3 {[%emt 0:00:01]} 19. axb3 {[%emt 0:00:00]} Be6 {[%emt 0:00:02]} 20. Qxd6 {[%emt 0:00:02]} Qxd6 {[%emt 0:00:00]} 21. Rxd6 {[%emt 0:00:00]} Rfd8 {[%emt 0:00:02]} 22. Rxd8+ {[%emt 0:00:01]} Rxd8 {[%emt 0:00:01]} 23. Kf1 {[%emt 0:00:01]} a5 {[%emt 0:00:03]} 24. Ke1 {[%emt 0:00:01]} b5 {[%emt 0:00:01]} 25. Rd1 {[%emt 0:00:02]} Rc8 {[%emt 0:00:01]} 26. Rd2 {[%emt 0:00:00]} a4 {[%emt 0:00:02]} 27. bxa4 {[%emt 0:00:01]} bxa4 {[%emt 0:00:01]} 28. Nd4 {[%emt 0:00:00]} Bc4 {[%emt 0:00:02]} 29. Kf2 {[%emt 0:00:17]} Rb8 {[%emt 0:00:02]} 30. c3 {[%emt 0:00:02]} Bb3 {[%emt 0:00:04]} 31. Nc6 {[%emt 0:00:01]} Rb6 {[%emt 0:00:03]} 32. Nd4 {[%emt 0:00:01]} Rb8 {[%emt 0:00:02]} 33. Ke3 {[%emt 0:00:01]} Re8 {[%emt 0:00:03]} 34. Nxb3 {[%emt 0:00:01]} axb3 {[%emt 0:00:03]} 35. Rd4 {[%emt 0:00:00]} f5 {[%emt 0:00:01]} 36. Kf4 {[%emt 0:00:04]} fxe4 {[%emt 0:00:00]} 37. Rxe4 {[%emt 0:00:00]} Rf8 {[%emt 0:00:03]} 38. Rb4 {[%emt 0:00:01]} Kg7 {[%emt 0:00:00]} 39. Rxb3 {[%emt 0:00:01]} Kg8 {[%emt 0:00:00]} 40. h4 {[%emt 0:00:01]} Kg7 {[%emt 0:00:00]} 41. Rb7 {[%emt 0:00:01]} Kg8 {[%emt 0:00:00]} 42. h5 {[%emt 0:00:00]} Kg7 {[%emt 0:00:00]} 43. hxg6 {[%emt 0:00:00]} Kg8 {[%emt 0:00:01]} 44. Kg3 {[%emt 0:00:00]} Kg7 {[%emt 0:00:00]} 45. gxh7 {[%emt 0:00:00]} Kg6 {[%emt 0:00:02]} 46. Rb4 {[%emt 0:00:00]} Kf6 {[%emt 0:00:00]} 47. Rg4 {[%emt 0:00:00]} Ke7 {[%emt 0:00:00]} 48. Rg8 {[%emt 0:00:00]} Kd7 {[%emt 0:00:00]} 49. Rxf8 {[%emt 0:00:01]} Kd6 {[%emt 0:00:01]} 50. Rxf7 {[%emt 0:00:00]} Kc6 {[%emt 0:00:00]} 51. h8=Q {[%emt 0:00:00]} Kc5 {[%emt 0:00:00]} 52. Qd4+ {[%emt 0:00:01]} Kb5 {[%emt 0:00:00]} 53. Rf5+ {[%emt 0:00:01] Time (Lag: Av=0.65s, max=1.3s)} 1-0

[Event "Stay Safe Play From Home 269"]
[Site "Emanuel Lasker Arena"]
[Date "2020.07.01"]
[Round "1"]
[White "Mepe_Nika"]
[Black "NeatFox"]
[Result "1-0"]
[WhiteElo "2428"]
[BlackElo "1909"]
[PlyCount "75"]
[EventDate "2020.07.01"]
[EventType "swiss (blitz)"]

1. d4 {[%emt 0:00:01]} d5 {[%emt 0:00:01]} 2. Bf4 {[%emt 0:00:00]} e6 {[%emt 0:00:00]} 3. e3 {[%emt 0:00:00]} c5 {[%emt 0:00:00]} 4. c3 {[%emt 0:00:01]} cxd4 {[%emt 0:00:00]} 5. cxd4 {[%emt 0:00:01]} Nc6 {[%emt 0:00:00]} 6. Nc3 {[%emt 0:00:00]} Qb6 {[%emt 0:00:01]} 7. Rb1 {[%emt 0:00:02]} Nf6 {[%emt 0:00:01]} 8. Nf3 {[%emt 0:00:00]} Bb4 {[%emt 0:00:01]} 9. Bd3 {[%emt 0:00:01]} Bxc3+ {[%emt 0:00:01]} 10. bxc3 {[%emt 0:00:00]} Bd7 {[%emt 0:00:01]} 11. Rxb6 {[%emt 0:00:01]} axb6 {[%emt 0:00:00]} 12. Qb3 {[%emt 0:00:03]} O-O {[%emt 0:00:04]} 13. O-O {[%emt 0:00:01]} Na5 {[%emt 0:00:03]} 14. Qxb6 {[%emt 0:00:01]} Bc6 {[%emt 0:00:01]} 15. Ne5 {[%emt 0:00:02]} Rfd8 {[%emt 0:00:03]} 16. c4 {[%emt 0:00:01]} dxc4 {[%emt 0:00:02]} 17. Nxc4 {[%emt 0:00:00]} Nxc4 {[%emt 0:00:00]} 18. Bxc4 {[%emt 0:00:00]} Nh5 {[%emt 0:00:04]} 19. Bc7 {[%emt 0:00:02]} Re8 {[%emt 0:00:04]} 20. h3 {[%emt 0:00:01]} Nf6 {[%emt 0:00:02]} 21. Be5 {[%emt 0:00:01]} Ne4 {[%emt 0:00:01]} 22. Rc1 {[%emt 0:00:04]} Nd2 {[%emt 0:00:02]} 23. Qb2 {[%emt 0:00:05]} Nxc4 {[%emt 0:00:01]} 24. Rxc4 {[%emt 0:00:00]} Bd5 {[%emt 0:00:01]} 25. Rb4 {[%emt 0:00:01]} Rxa2 {[%emt 0:00:01]} 26. Qb1 {[%emt 0:00:01]} Rea8 {[%emt 0:00:01]} 27. Kh2 {[%emt 0:00:01]} Rxf2 {[%emt 0:00:02]} 28. Rb2 {[%emt 0:00:03]} Rf5 {[%emt 0:00:09]} 29. g4 {[%emt 0:00:03]} Rf3 {[%emt 0:00:02]} 30. e4 {[%emt 0:00:03]} Bc6 {[%emt 0:00:03]} 31. Rb3 {[%emt 0:00:04]} Ra3 {[%emt 0:00:01]} 32. Rxa3 {[%emt 0:00:01]} Rxa3 {[%emt 0:00:00]} 33. d5 {[%emt 0:00:01]} exd5 {[%emt 0:00:01]} 34. Qc1 {[%emt 0:00:01]} dxe4 {[%emt 0:00:01]} 35. Qxa3 {[%emt 0:00:01]} g6 {[%emt 0:00:01]} 36. Qe7 {[%emt 0:00:02]} h5 {[%emt 0:00:04]} 37. Qd8+ {[%emt 0:00:01]} Kh7 {[%emt 0:00:00]} 38. Qh8# {[%emt 0:00:01] (Lag: Av=0.40s, max=0.8s)} 1-0

[Event "Stay Safe Play From Home 269"]
[Site "Emanuel Lasker Arena"]
[Date "2020.07.01"]
[Round "1"]
[White "Jhhonnyy"]
[Black "Trotsky"]
[Result "1-0"]
[WhiteElo "2286"]
[BlackElo "1575"]
[PlyCount "43"]
[EventDate "2020.07.01"]
[EventType "swiss (blitz)"]

1. d4 {[%emt 0:00:02]} d5 {[%emt 0:00:01]} 2. c4 {[%emt 0:00:00]} e6 {[%emt 0:00:01]} 3. Nf3 {[%emt 0:00:00]} c5 {[%emt 0:00:01]} 4. g3 {[%emt 0:00:00]} Nc6 {[%emt 0:00:01]} 5. cxd5 {[%emt 0:00:00]} exd5 {[%emt 0:00:01]} 6. Bg2 {[%emt 0:00:00]} Nf6 {[%emt 0:00:01]} 7. O-O {[%emt 0:00:00]} Be6 {[%emt 0:00:01]} 8. Nc3 {[%emt 0:00:00]} c4 {[%emt 0:00:01]} 9. Bg5 {[%emt 0:00:02]} a6 {[%emt 0:00:01]} 10. Rc1 {[%emt 0:00:02]} Bd6 {[%emt 0:00:01]} 11. b3 {[%emt 0:00:01]} Qc7 {[%emt 0:00:01]} 12. bxc4 {[%emt 0:00:01]} O-O-O {[%emt 0:00:01]} 13. cxd5 {[%emt 0:00:01]} h6 {[%emt 0:00:10]} 14. Bxf6 {[%emt 0:00:01]} gxf6 {[%emt 0:00:01]} 15. dxc6 {[%emt 0:00:01]} bxc6 {[%emt 0:00:01]} 16. Qa4 {[%emt 0:00:01]} Kd7 {[%emt 0:00:09]} 17. Ne4 {[%emt 0:00:02]} Ke7 {[%emt 0:00:02]} 18. Rxc6 {[%emt 0:00:02]} Qb7 {[%emt 0:00:02]} 19. Nxd6 {[%emt 0:00:02]} Rxd6 {[%emt 0:00:01]} 20. Rxd6 {[%emt 0:00:01]} Kxd6 {[%emt 0:00:01]} 21. Ne5 {[%emt 0:00:00]} fxe5 {[%emt 0:00:03]} 22. Bxb7 {[%emt 0:00:03] Trotsky Ñäàåòñÿ (Lag: Av=0.25s, max=0.5s)} 1-0

[Event "Stay Safe Play From Home 269"]
[Site "Emanuel Lasker Arena"]
[Date "2020.07.01"]
[Round "1"]
[White "The Next Contender"]
[Black "Germanicus G"]
[Result "1-0"]
[WhiteElo "1963"]
[BlackElo "1320"]
[PlyCount "33"]
[EventDate "2020.07.01"]
[EventType "swiss (blitz)"]

1. d4 {[%emt 0:00:10]} e6 {[%emt 0:00:28]} 2. c4 {[%emt 0:00:00]} b6 {[%emt 0:00:01]} 3. g3 {[%emt 0:00:01]} Bb7 {[%emt 0:00:00]} 4. Nf3 {[%emt 0:00:00]} Bxf3 {[%emt 0:00:02]} 5. exf3 {[%emt 0:00:01]} c6 {[%emt 0:00:00]} 6. Bg2 {[%emt 0:00:00]} d5 {[%emt 0:00:01]} 7. O-O {[%emt 0:00:00]} Nf6 {[%emt 0:00:02]} 8. f4 {[%emt 0:00:06]} dxc4 {[%emt 0:00:02]} 9. Nd2 {[%emt 0:00:02]} b5 {[%emt 0:00:03]} 10. a4 {[%emt 0:00:01]} Nd5 {[%emt 0:00:06]} 11. axb5 {[%emt 0:00:01]} cxb5 {[%emt 0:00:02]} 12. b3 {[%emt 0:00:02]} c3 {[%emt 0:00:01]} 13. Ne4 {[%emt 0:00:01]} b4 {[%emt 0:00:05]} 14. Nc5 {[%emt 0:00:01]} Bxc5 {[%emt 0:00:03]} 15. dxc5 {[%emt 0:00:01]} O-O {[%emt 0:00:02]} 16. Re1 {[%emt 0:00:00]} Nc6 {[%emt 0:00:02]} 17. f5 {[%emt 0:00:01] Zeit (Lag: Av=0.43s, max=0.7s)} 1-0

[Event "Stay Safe Play From Home 269"]
[Site "Emanuel Lasker Arena"]
[Date "2020.07.01"]
[Round "1"]
[White "Bardellosport"]
[Black "Lazieri3"]
[Result "1-0"]
[WhiteElo "1943"]
[BlackElo "2129"]
[PlyCount "97"]
[EventDate "2020.07.01"]
[EventType "swiss (blitz)"]

1. e3 {[%emt 0:00:02]} c6 {[%emt 0:00:00]} 2. Nf3 {[%emt 0:00:00]} d5 {[%emt 0:00:00]} 3. g3 {[%emt 0:00:00]} Nf6 {[%emt 0:00:01]} 4. Bg2 {[%emt 0:00:00]} Bf5 {[%emt 0:00:00]} 5. b3 {[%emt 0:00:03]} Qc8 {[%emt 0:00:01]} 6. h3 {[%emt 0:00:01]} g6 {[%emt 0:00:02]} 7. Bb2 {[%emt 0:00:01]} Bg7 {[%emt 0:00:00]} 8. Qe2 {[%emt 0:00:01]} O-O {[%emt 0:00:02]} 9. g4 {[%emt 0:00:01]} Bd7 {[%emt 0:00:01]} 10. O-O {[%emt 0:00:01]} Na6 {[%emt 0:00:02]} 11. d3 {[%emt 0:00:01]} Nc7 {[%emt 0:00:01]} 12. Nbd2 {[%emt 0:00:01]} Re8 {[%emt 0:00:01]} 13. e4 {[%emt 0:00:01]} dxe4 {[%emt 0:00:01]} 14. dxe4 {[%emt 0:00:00]} Ne6 {[%emt 0:00:02]} 15. Nc4 {[%emt 0:00:02]} Nf4 {[%emt 0:00:01]} 16. Qe3 {[%emt 0:00:02]} Nxg2 {[%emt 0:00:01]} 17. Kxg2 {[%emt 0:00:01]} h5 {[%emt 0:00:00]} 18. Qf4 {[%emt 0:00:02]} hxg4 {[%emt 0:00:01]} 19. hxg4 {[%emt 0:00:00]} Bxg4 {[%emt 0:00:02]} 20. Rad1 {[%emt 0:00:01]} Bxf3+ {[%emt 0:00:03]} 21. Kxf3 {[%emt 0:00:01]} Qh3+ {[%emt 0:00:02]} 22. Qg3 {[%emt 0:00:01]} Qxg3+ {[%emt 0:00:03]} 23. fxg3 {[%emt 0:00:00]} b5 {[%emt 0:00:04]} 24. Ne5 {[%emt 0:00:02]} Nh5 {[%emt 0:00:01]} 25. Kg2 {[%emt 0:00:02]} Rad8 {[%emt 0:00:03]} 26. Nd3 {[%emt 0:00:01]} Bxb2 {[%emt 0:00:02]} 27. Nxb2 {[%emt 0:00:00]} a5 {[%emt 0:00:01]} 28. g4 {[%emt 0:00:02]} Nf6 {[%emt 0:00:02]} 29. Kf3 {[%emt 0:00:00]} Kg7 {[%emt 0:00:01]} 30. c4 {[%emt 0:00:01]} a4 {[%emt 0:00:01]} 31. bxa4 {[%emt 0:00:02]} bxa4 {[%emt 0:00:01]} 32. Nxa4 {[%emt 0:00:00]} Ra8 {[%emt 0:00:01]} 33. Nc5 {[%emt 0:00:01]} Rxa2 {[%emt 0:00:01]} 34. Rf2 {[%emt 0:00:03]} Ra3+ {[%emt 0:00:02]} 35. Kg2 {[%emt 0:00:01]} Nxg4 {[%emt 0:00:01]} 36. Rc2 {[%emt 0:00:02]} Ne3+ {[%emt 0:00:02]} 37. Kf2 {[%emt 0:00:01]} Nxd1+ {[%emt 0:00:01]} 38. Ke1 {[%emt 0:00:01]} Ne3 {[%emt 0:00:01]} 39. Re2 {[%emt 0:00:01]} Rb8 {[%emt 0:00:02]} 40. Kf2 {[%emt 0:00:01]} Ng4+ {[%emt 0:00:02]} 41. Kg2 {[%emt 0:00:02]} Rb1 {[%emt 0:00:00]} 42. e5 {[%emt 0:00:02]} Ne3+ {[%emt 0:00:01]} 43. Kf2 {[%emt 0:00:01]} Nxc4 {[%emt 0:00:02]} 44. Kg2 {[%emt 0:00:00]} Ne3+ {[%emt 0:00:01]} 45. Kf2 {[%emt 0:00:01]} Nf5 {[%emt 0:00:00]} 46. Ne6+ {[%emt 0:00:01]} fxe6 {[%emt 0:00:01]} 47. Rd2 {[%emt 0:00:00]} Rbb3 {[%emt 0:00:01]} 48. Ke2 {[%emt 0:00:02]} Rf3 {[%emt 0:00:00]} 49. Rd1 {[%emt 0:00:00] Time (Lag: Av=0.51s, max=0.8s)} 1-0

[Event "Stay Safe Play From Home 269"]
[Site "Emanuel Lasker Arena"]
[Date "2020.07.01"]
[Round "1"]
[White "Klasman"]
[Black "AChessPlayer"]
[Result "0-1"]
[WhiteElo "1362"]
[BlackElo "2418"]
[PlyCount "42"]
[EventDate "2020.07.01"]
[EventType "swiss (blitz)"]

1. f4 {[%emt 0:00:01]} d5 {[%emt 0:00:00]} 2. Nf3 {[%emt 0:00:01]} g6 {[%emt 0:00:01]} 3. e3 {[%emt 0:00:01]} Bg7 {[%emt 0:00:00]} 4. d4 {[%emt 0:00:01]} Nd7 {[%emt 0:00:03]} 5. c4 {[%emt 0:00:01]} c6 {[%emt 0:00:02]} 6. Qb3 {[%emt 0:00:02]} Ndf6 {[%emt 0:00:04]} 7. cxd5 {[%emt 0:00:05]} Qxd5 {[%emt 0:00:02]} 8. Bc4 {[%emt 0:00:03]} Qa5+ {[%emt 0:00:09]} 9. Bd2 {[%emt 0:00:04]} Qd8 {[%emt 0:00:00]} 10. Bxf7+ {[%emt 0:00:01]} Kf8 {[%emt 0:00:00]} 11. Ng5 {[%emt 0:00:08]} Nh6 {[%emt 0:00:01]} 12. Ne6+ {[%emt 0:00:07]} Bxe6 {[%emt 0:00:02]} 13. Bxe6 {[%emt 0:00:02]} Nd5 {[%emt 0:00:01]} 14. O-O {[%emt 0:00:03]} Rb8 {[%emt 0:00:01]} 15. Nc3 {[%emt 0:00:01]} Nxc3 {[%emt 0:00:04]} 16. bxc3 {[%emt 0:00:01]} Qd6 {[%emt 0:00:00]} 17. f5 {[%emt 0:00:04]} gxf5 {[%emt 0:00:00]} 18. Bxf5 {[%emt 0:00:05]} Nxf5 {[%emt 0:00:00]} 19. Rxf5+ {[%emt 0:00:01]} Bf6 {[%emt 0:00:00]} 20. e4 {[%emt 0:00:02]} Ke8 {[%emt 0:00:04]} 21. e5 {[%emt 0:00:01]} Qd5 {[%emt 0:00:00] Time (Lag: Av=0.44s, max=0.6s)} 0-1

[Event "Stay Safe Play From Home 269"]
[Site "Emanuel Lasker Arena"]
[Date "2020.07.01"]
[Round "2"]
[White "Broken sword"]
[Black "The Next Contender"]
[Result "1-0"]
[WhiteElo "2460"]
[BlackElo "1964"]
[PlyCount "29"]
[EventDate "2020.07.01"]
[EventType "swiss (blitz)"]

1. d4 {[%emt 0:00:01]} d5 {[%emt 0:00:00]} 2. Nf3 {[%emt 0:00:01]} c5 {[%emt 0:00:00]} 3. c4 {[%emt 0:00:00]} e6 {[%emt 0:00:01]} 4. cxd5 {[%emt 0:00:00]} Qxd5 {[%emt 0:00:01]} 5. Nc3 {[%emt 0:00:01]} Qd8 {[%emt 0:00:01]} 6. d5 {[%emt 0:00:01]} exd5 {[%emt 0:00:01]} 7. Qxd5 {[%emt 0:00:00]} Qxd5 {[%emt 0:00:01]} 8. Nxd5 {[%emt 0:00:00]} Na6 {[%emt 0:00:01]} 9. e3 {[%emt 0:00:01]} Kd8 {[%emt 0:00:04]} 10. Bxa6 {[%emt 0:00:02]} bxa6 {[%emt 0:00:00]} 11. Bd2 {[%emt 0:00:00]} Bb7 {[%emt 0:00:01]} 12. Ba5+ {[%emt 0:00:04]} Kc8 {[%emt 0:00:02]} 13. O-O-O {[%emt 0:00:02]} Nf6 {[%emt 0:00:02]} 14. Nxf6 {[%emt 0:00:01]} gxf6 {[%emt 0:00:00]} 15. Nd2 {[%emt 0:00:01] The Next Contender resigns (Lag: Av=0.44s, max=0.7s)} 1-0

[Event "Stay Safe Play From Home 269"]
[Site "Emanuel Lasker Arena"]
[Date "2020.07.01"]
[Round "2"]
[White "Mepe_Nika"]
[Black "Jhhonnyy"]
[Result "1-0"]
[WhiteElo "2430"]
[BlackElo "2286"]
[PlyCount "92"]
[EventDate "2020.07.01"]
[EventType "swiss (blitz)"]

1. d4 {[%emt 0:00:03]} Nf6 {[%emt 0:00:01]} 2. Bf4 {[%emt 0:00:01]} c5 {[%emt 0:00:01]} 3. c3 {[%emt 0:00:01]} cxd4 {[%emt 0:00:01]} 4. cxd4 {[%emt 0:00:00]} d6 {[%emt 0:00:00]} 5. Nc3 {[%emt 0:00:01]} Nc6 {[%emt 0:00:00]} 6. Nf3 {[%emt 0:00:00]} g6 {[%emt 0:00:00]} 7. e4 {[%emt 0:00:00]} Bg7 {[%emt 0:00:00]} 8. Be2 {[%emt 0:00:00]} O-O {[%emt 0:00:01]} 9. h3 {[%emt 0:00:00]} Re8 {[%emt 0:00:01]} 10. O-O {[%emt 0:00:00]} Nxd4 {[%emt 0:00:01]} 11. Nxd4 {[%emt 0:00:02]} e5 {[%emt 0:00:00]} 12. Be3 {[%emt 0:00:00]} exd4 {[%emt 0:00:01]} 13. Bxd4 {[%emt 0:00:00]} Nxe4 {[%emt 0:00:01]} 14. Nxe4 {[%emt 0:00:00]} Rxe4 {[%emt 0:00:02]} 15. Bxg7 {[%emt 0:00:00]} Kxg7 {[%emt 0:00:00]} 16. Bf3 {[%emt 0:00:00]} Re8 {[%emt 0:00:01]} 17. Re1 {[%emt 0:00:01]} Be6 {[%emt 0:00:01]} 18. Bxb7 {[%emt 0:00:03]} Rb8 {[%emt 0:00:00]} 19. Bf3 {[%emt 0:00:01]} Rxb2 {[%emt 0:00:01]} 20. Qd4+ {[%emt 0:00:00]} Qf6 {[%emt 0:00:00]} 21. Qxa7 {[%emt 0:00:00]} Reb8 {[%emt 0:00:05]} 22. a4 {[%emt 0:00:01]} d5 {[%emt 0:00:03]} 23. a5 {[%emt 0:00:01]} R2b7 {[%emt 0:00:01]} 24. Qe3 {[%emt 0:00:01]} Ra8 {[%emt 0:00:01]} 25. a6 {[%emt 0:00:03]} Rba7 {[%emt 0:00:01]} 26. Be2 {[%emt 0:00:01]} d4 {[%emt 0:00:01]} 27. Qd2 {[%emt 0:00:01]} Bd5 {[%emt 0:00:03]} 28. Bf1 {[%emt 0:00:01]} Be6 {[%emt 0:00:01]} 29. Red1 {[%emt 0:00:01]} Bc8 {[%emt 0:00:01]} 30. Qxd4 {[%emt 0:00:01]} Bxa6 {[%emt 0:00:05]} 31. Qxf6+ {[%emt 0:00:01]} Kxf6 {[%emt 0:00:01]} 32. Rd6+ {[%emt 0:00:00]} Kg7 {[%emt 0:00:03]} 33. Rdxa6 {[%emt 0:00:00]} Rxa6 {[%emt 0:00:01]} 34. Rxa6 {[%emt 0:00:00]} Rd8 {[%emt 0:00:01]} 35. Ra7 {[%emt 0:00:00]} h6 {[%emt 0:00:01]} 36. g3 {[%emt 0:00:01]} g5 {[%emt 0:00:00]} 37. Bc4 {[%emt 0:00:01]} Rf8 {[%emt 0:00:02]} 38. Kg2 {[%emt 0:00:00]} Kg6 {[%emt 0:00:00]} 39. Rxf7 {[%emt 0:00:01]} Rxf7 {[%emt 0:00:01]} 40. Bxf7+ {[%emt 0:00:00]} Kxf7 {[%emt 0:00:00]} 41. Kf3 {[%emt 0:00:01]} Kf6 {[%emt 0:00:00]} 42. Ke4 {[%emt 0:00:01]} Ke6 {[%emt 0:00:01]} 43. f4 {[%emt 0:00:01]} Kf6 {[%emt 0:00:01]} 44. f5 {[%emt 0:00:01]} h5 {[%emt 0:00:02]} 45. g4 {[%emt 0:00:01]} hxg4 {[%emt 0:00:03]} 46. hxg4 {[%emt 0:00:00]} Ke7 {[%emt 0:00:00] Jhhonnyy gibt auf (Lag: Av=0.42s, max=0.8s)} 1-0

[Event "Stay Safe Play From Home 269"]
[Site "Emanuel Lasker Arena"]
[Date "2020.07.01"]
[Round "2"]
[White "AChessPlayer"]
[Black "Bardellosport"]
[Result "1-0"]
[WhiteElo "2418"]
[BlackElo "1968"]
[PlyCount "73"]
[EventDate "2020.07.01"]
[EventType "swiss (blitz)"]

1. Nf3 {[%emt 0:00:01]} d6 {[%emt 0:00:01]} 2. g3 {[%emt 0:00:00]} g6 {[%emt 0:00:00]} 3. Bg2 {[%emt 0:00:00]} Bg7 {[%emt 0:00:00]} 4. O-O {[%emt 0:00:00]} e6 {[%emt 0:00:00]} 5. d4 {[%emt 0:00:00]} Ne7 {[%emt 0:00:00]} 6. c4 {[%emt 0:00:00]} c6 {[%emt 0:00:00]} 7. Nc3 {[%emt 0:00:00]} Qc7 {[%emt 0:00:01]} 8. e4 {[%emt 0:00:00]} Nd7 {[%emt 0:00:01]} 9. Be3 {[%emt 0:00:01]} O-O {[%emt 0:00:00]} 10. Qd2 {[%emt 0:00:00]} b6 {[%emt 0:00:01]} 11. Bh6 {[%emt 0:00:00]} c5 {[%emt 0:00:01]} 12. Bxg7 {[%emt 0:00:01]} Kxg7 {[%emt 0:00:01]} 13. d5 {[%emt 0:00:00]} e5 {[%emt 0:00:01]} 14. h4 {[%emt 0:00:01]} a6 {[%emt 0:00:01]} 15. h5 {[%emt 0:00:01]} f5 {[%emt 0:00:01]} 16. hxg6 {[%emt 0:00:04]} hxg6 {[%emt 0:00:02]} 17. Nh4 {[%emt 0:00:00]} Nf6 {[%emt 0:00:02]} 18. exf5 {[%emt 0:00:03]} Bxf5 {[%emt 0:00:01]} 19. Qg5 {[%emt 0:00:02]} Rh8 {[%emt 0:00:04]} 20. Rae1 {[%emt 0:00:02]} Rh5 {[%emt 0:00:01]} 21. Qe3 {[%emt 0:00:03]} Qd7 {[%emt 0:00:01]} 22. f3 {[%emt 0:00:04]} g5 {[%emt 0:00:02]} 23. Nxf5+ {[%emt 0:00:01]} Nxf5 {[%emt 0:00:00]} 24. Qf2 {[%emt 0:00:01]} g4 {[%emt 0:00:02]} 25. Ne4 {[%emt 0:00:02]} Nxe4 {[%emt 0:00:02]} 26. fxe4 {[%emt 0:00:01]} Nh6 {[%emt 0:00:02]} 27. Qf6+ {[%emt 0:00:01]} Kh7 {[%emt 0:00:01]} 28. Re2 {[%emt 0:00:03]} Qg7 {[%emt 0:00:01]} 29. Qxg7+ {[%emt 0:00:01]} Kxg7 {[%emt 0:00:01]} 30. Ref2 {[%emt 0:00:00]} Re8 {[%emt 0:00:05]} 31. Rf6 {[%emt 0:00:00]} Re7 {[%emt 0:00:02]} 32. Rxd6 {[%emt 0:00:01]} Kg8 {[%emt 0:00:04]} 33. Rxb6 {[%emt 0:00:01]} Nf7 {[%emt 0:00:01]} 34. Rb8+ {[%emt 0:00:01]} Kg7 {[%emt 0:00:01]} 35. Ra8 {[%emt 0:00:00]} Rh6 {[%emt 0:00:01]} 36. Rb8 {[%emt 0:00:01]} Rb6 {[%emt 0:00:00]} 37. Rxb6 {[%emt 0:00:01] Bardellosport abbandona (Lag: Av=0.30s, max=0.4s)} 1-0

[Event "Stay Safe Play From Home 269"]
[Site "Emanuel Lasker Arena"]
[Date "2020.07.01"]
[Round "2"]
[White "Haxhi Baha"]
[Black "Klasman"]
[Result "1-0"]
[WhiteElo "2061"]
[BlackElo "1361"]
[PlyCount "53"]
[EventDate "2020.07.01"]
[EventType "swiss (blitz)"]

1. e4 {[%emt 0:00:02]} f5 {[%emt 0:00:01]} 2. exf5 {[%emt 0:00:01]} Nf6 {[%emt 0:00:01]} 3. d4 {[%emt 0:00:01]} d5 {[%emt 0:00:01]} 4. Bd3 {[%emt 0:00:01]} e6 {[%emt 0:00:01]} 5. fxe6 {[%emt 0:00:03]} Nc6 {[%emt 0:00:01]} 6. Nf3 {[%emt 0:00:01]} Bd6 {[%emt 0:00:01]} 7. O-O {[%emt 0:00:03]} O-O {[%emt 0:00:01]} 8. Bg5 {[%emt 0:00:01]} Bxe6 {[%emt 0:00:02]} 9. Re1 {[%emt 0:00:01]} Qd7 {[%emt 0:00:01]} 10. c3 {[%emt 0:00:02]} Bg4 {[%emt 0:00:02]} 11. Nbd2 {[%emt 0:00:02]} Nh5 {[%emt 0:00:02]} 12. Qc2 {[%emt 0:00:02]} h6 {[%emt 0:00:02]} 13. Bh4 {[%emt 0:00:02]} g5 {[%emt 0:00:03]} 14. Bg3 {[%emt 0:00:01]} Nxg3 {[%emt 0:00:02]} 15. hxg3 {[%emt 0:00:00]} Qf7 {[%emt 0:00:09]} 16. b4 {[%emt 0:00:02]} Ne7 {[%emt 0:00:02]} 17. Re2 {[%emt 0:00:03]} Nf5 {[%emt 0:00:01]} 18. Rae1 {[%emt 0:00:04]} Bxg3 {[%emt 0:00:01]} 19. fxg3 {[%emt 0:00:01]} Nxg3 {[%emt 0:00:01]} 20. Re7 {[%emt 0:00:01]} Qh5 {[%emt 0:00:07]} 21. Bh7+ {[%emt 0:00:05]} Kh8 {[%emt 0:00:01]} 22. Bg6 {[%emt 0:00:01]} Qh1+ {[%emt 0:00:02]} 23. Kf2 {[%emt 0:00:00]} Qxe1+ {[%emt 0:00:04]} 24. Rxe1 {[%emt 0:00:03]} Bxf3 {[%emt 0:00:04]} 25. Kxg3 {[%emt 0:00:03]} Be4 {[%emt 0:00:03]} 26. Nxe4 {[%emt 0:00:02]} dxe4 {[%emt 0:00:02]} 27. Qxe4 {[%emt 0:00:01] Time (Lag: Av=0.70s, max=0.9s)} 1-0